000 00808cam a22002411 4500
001 sa 68006306
003 DLC
005 20260227112515.0
008 891102s1965 ii a d 000 0 urdr
010 _asa 68006306
025 _aPL480:I-Ar-18
035 _a(OCoLC)20586286
040 _aDLC
_cWaU
_dWaU
_dDLC
041 0 _aaraurd
042 _apremarc
050 0 0 _aPJ6636.U7
_bB3
100 1 _aBalyāvī, ʻAbdulḥafīẓ.
245 1 0 _aMiṣbāḥ al-lug̲h̲āt;
_bmukammal ʻArabī Urdu ḍikshnarī, pacas hazār se ziyādah ʻArabī alfāẓ kā behtarīn majmūʻah.
_cMurtabah-i ʻAbdulḥafīẓ Balyāvī.
260 _aDihlī,
_bMaktabah-yi Burhān
_c[1965]
300 _a1022 p.
_billus.
_c25 cm.
650 0 _aArabic language
_xDictionaries
_xUrdu.
740 0 _aArabī Urdū ḍikshnarī.
999 _c81239
_d81239